| 000 | 00400pab a2200169 454500 | ||
|---|---|---|---|
| 008 | 180718b2010 xxu||||| |||| 00| 0 eng d | ||
| 100 | _aHira, Ron | ||
| 245 | _aUS policy and the STEM workforce system | ||
| 260 | _c2010 | ||
| 300 | _ap.949-61. | ||
| 362 | _aMar | ||
| 650 | _aTechnology | ||
| 650 | _aScience policy | ||
| 773 | _aAmerican Behavioral Scientist | ||
| 908 | _aN | ||
| 909 | _a86228 | ||
| 999 |
_c86228 _d86228 |
||